[Event "Bay Area Open 2019"]
[Site "Burlingame"]
[Date "2019.01.03"]
[Round "4"]
[White "Shetty, Atulya"]
[Black "Brown, Michael William"]
[Result "1/2-1/2"]
[WhiteElo "2401"]
[BlackElo "2524"]
[Annotator "TA"]
[PlyCount "69"]
[EventDate "2019.01.01"]
[EventType "swiss"]
[EventCountry "USA"]
[SourceTitle "playchess.com"]
[Source "ChessBase"]
[SourceQuality "1"]

{[%evp 19,69,0,17,12,35,45,43,38,35,27,26,29,50,50,45,35,47,39,79,27,28,29,44,46,57,58,71,62,57,23,75,15,101,93,91,95,95,100,100,75,96,96,102,59,82,0,104,0,79,57,74,0]} 1. c4 e5 2. g3 Nf6 3. Bg2 c6 4. d4 exd4 5. Qxd4 Na6 6. Nf3 {A20: English Opening: 1...e5} Bc5 7. Qe5+ Be7 8. O-O O-O 9. Nc3 Re8 (9... Nc7 10. Rd1 Re8 11. Qa5 d5 12. e4 b6 13. Qa4 {0-1 (63) Fedoseev,V (2707)-Inarkiev,E (2690) Satka 2018}) 10. Qd4 Bc5 {LiveBook: 5 Games} 11. Qd3 d5 (11... Bb4 {feels hotter.} 12. Nd4 Nc5 13. Qc2 d6 14. a3 Bxc3 15. Qxc3 Nce4) 12. cxd5 Nxd5 $146 ({Predecessor:} 12... cxd5 13. Rd1 {0-1 (32) Dreux,V (1907)-Naudion,G (2051) Avoine 2011}) 13. Nxd5 Qxd5 14. Qxd5 cxd5 15. e3 $1 Bf5 16. Bd2 Rac8 17. Bc3 Be4 18. Rfd1 Nb4 19. Rd2 (19. Nd2 $16) 19... Nc2 20. Rad1 Nxe3 21. fxe3 Bxe3+ {[%mdl 64] [#] Double Attack} 22. Kf1 {Black must now prevent Re2.} Bxd2 23. Rxd2 f6 24. Nd4 {[%mdl 1024] White has compensation.} Rcd8 (24... Bxg2+ $11 25. Kxg2 b6) 25. Kf2 (25. Bh3 $16) 25... Rd7 (25... Bxg2 $11 26. Kxg2 Kf7) 26. Bh3 $16 f5 27. Bf1 a6 28. Nf3 h6 29. h4 g6 30. Ne5 Rd6 31. Nc4 Rd7 32. Ne5 Rd6 $1 33. Nc4 Rd7 $1 34. Ne3 Kf7 35. Nc4 {Accuracy: White = 54%, Black = 28%.} (35. Bc4 $16) 1/2-1/2

[Event "Bay Area Open 2019"]
[Site "Burlingame"]
[Date "2019.01.03"]
[Round "4"]
[White "Li, Zhaozhi"]
[Black "Karthik Venkataraman"]
[Result "0-1"]
[WhiteElo "2395"]
[BlackElo "2515"]
[Annotator "TA"]
[PlyCount "128"]
[EventDate "2019.01.01"]
[EventType "swiss"]
[EventCountry "USA"]
[SourceTitle "playchess.com"]
[Source "ChessBase"]
[SourceQuality "1"]

{[%evp 17,128,20,22,0,16,0,42,0,25,12,8,14,14,8,8,11,17,0,38,21,32,-9,30,24,27,-75,-79,-195,-178,-529,-529,-465,-496,-791,-766,-694,-374,-362,-342,-394,-377,-385,-380,-410,-407,-545,-247,-280,-138,-124,-131,-136,-146,-123,-57,-57,-58,-59,-60,-60,-40,-39,-47,-64,-52,-139,0,-9,-9,-8,-8,-9,0,-157,-160,-143,-151,-267,-268,-321,-316,-315,-314,-316,-316,-6203,-5306,-29975,-29976,-29976,-29977,-29977,0,0,0,0,0,0,0,-29976,-29977,-29977,0,-346,0,0,0,-29977,-29978,-29985,-29986,-29986,-29987]} 1. d4 Nf6 2. c4 g6 3. Nc3 d5 4. Bf4 Bg7 5. e3 O-O 6. Rc1 Be6 {D83: Grünfeld: 4 Bf4 Bg7 5 e3 0-0} 7. cxd5 Nxd5 8. Nxd5 Bxd5 9. Bxc7 Qd7 {LiveBook: 5 Games} 10. Bg3 Nc6 11. Ne2 Bxa2 $146 ({Predecessor:} 11... e5 12. dxe5 Nxe5 13. Nc3 Rac8 14. e4 {½-½ (44) Sjugirov,S (2678)-Navara,D (2735) Jerusalem 2015}) 12. Qa4 Bd5 13. Nf4 e5 14. dxe5 Bxe5 15. Rd1 Bxf4 $1 16. Qxf4 {White wants to play e4.} Qe6 17. Bh4 a5 18. Bf6 {Hoping for Rxd5!} Nb4 19. f3 Bb3 20. Rd6 Nd5 21. Rxd5 (21. Rxe6 $11 Nxf4 22. Rb6) 21... Bxd5 $17 22. e4 (22. Bb5 $17) 22... Rfc8 $1 $19 23. Bb5 $2 (23. h4) 23... Qb6 24. exd5 Qxb5 25. Kf2 (25. Qd2 $142 Qc5 26. Bd4 Qxd5 27. O-O) 25... Rc2+ 26. Kg3 Qxd5 27. Bc3 Qc5 28. Bd4 Qc7 29. Be5 Qb6 30. Bd4 Qe6 31. Bc3 Rc8 (31... Qe2 $142 32. Kh4 Qxg2) 32. Re1 Re2 (32... Qb6 $19 {has better winning chances. Threatens to win with ...Qf2+.} 33. Bd4 Qc7) 33. Rxe2 $17 Qxe2 34. Qf6 {[%csl Gc3][%cal Rf6h8] [#]} Rxc3 $1 35. Qxc3 {[%mdl 4096] Endgame KQ-KQ} (35. bxc3 Qe1+) 35... b5 (35... h5 $17 36. Qc8+ Kg7 37. Qc3+ Kh7) 36. Qc8+ $15 Kg7 37. Qc3+ Kh6 38. h4 Qe7 39. Kh3 b4 40. Qh8 a4 {And now ...a3 would win.} 41. g4 ({White should play} 41. Qg8 $15) 41... f6 (41... g5 $1 $17 42. hxg5+ Kxg5 43. Qxh7 Qf6) 42. Qa8 $1 $11 a3 43. bxa3 bxa3 44. Qg8 $1 f5 {White should prevent ...fxg4+.} 45. gxf5 $2 ({White should try} 45. Qb3 $11) 45... gxf5 $17 46. Qd5 Kg6 47. h5+ (47. Qc4 $17) 47... Kg5 $19 ({But not} 47... Kxh5 48. Qxf5+ Kh6 49. Qf4+ Kg6 50. Qg4+ Qg5 51. Qe6+ Qf6 52. Qg8+ Kh6 53. Qd5 $19) 48. Qd2+ Kxh5 {( -> ...Qh4+)} 49. Qf4 Kg6 {Strongly threatening ...a2.} 50. Qg3+ Kf7 {White must now prevent ...a2.} 51. Qf4 $2 (51. f4) 51... a2 52. Qxf5+ Qf6 53. Qd7+ Kg6 54. Qe8+ Kh6 $2 (54... Qf7 $1 55. Qc6+ Kg7 56. Qa8 Qe6+ 57. Kg2 Qe2+ 58. Kh3 Qf1+ 59. Kh2 a1=Q 60. Qb7+ Kf6 61. Qc6+ Ke5 62. Qe4+ Kd6 63. Qb4+ Ke6 64. Qg4+ Kd6 65. Qb4+ Kc6 66. Qe4+ Kc5 67. Qe7+ Kc4 68. Qc7+ Kb3 69. Qb7+ Kc4 70. Qc7+ Kd4 71. Qd8+ Ke3 72. Qg5+ Kxf3 73. Qf5+ Ke2 74. Qe6+ Kd2 75. Qd6+ Qd3 76. Qf4+ Qe3 77. Qb4+ Qac3 78. Qxc3+ Qxc3 79. Kh1 Ke2 80. Kg2 Qg7+ 81. Kh2 Kf3 82. Kh3 Qh6#) 55. Qe3+ $11 Kh5 56. Qe8+ Kh6 (56... Qg6 $5 57. Qe5+ $8 Qg5 58. Qe8+ Qg6 59. Qe5+ Qg5 60. Qe8+ Kh6 61. Qe6+ Qg6 62. Qxa2 Qf6 $11) 57. Qe3+ Kg6 $2 {[%mdl 8192]} (57... Kg7 $11 58. Qa7+ Kh6 59. Qxa2 Qxf3+ 60. Kh2 Qf4+ 61. Kg1 Qc1+ 62. Kg2 Qc6+ 63. Kg1 Qc1+ 64. Kg2 Qc6+ 65. Kg1 Qc1+) 58. Qe8+ $1 Qf7 $1 59. Qc6+ Kg5 $2 {[#]} (59... Kg7 $1 {mates} 60. Qa8 Qe6+ 61. Kg2 Qe2+ 62. Kh3 Qf1+ 63. Kh2 a1=Q 64. Qb7+ Kf6 65. Qc6+ Ke5 66. Qe4+ Kd6 67. Qb4+ Kc6 68. Qe4+ Kc5 69. Qe7+ Kc4 70. Qe6+ Kc3 71. Qe5+ Kd2 72. Qf4+ Ke2 73. Qc4+ Ke3 74. Qe4+ Kf2 75. Qh4+ Kxf3 76. Qh5+ Ke3 77. Qc5+ Qd4 78. Qe7+ Kd2 79. Qg5+ Qff4+ 80. Qxf4+ Qxf4+ 81. Kh3 Ke2 82. Kg2 Qg4+ 83. Kh1 Kf3 84. Kh2 Qg2#) 60. Qc1+ $2 {[%mdl 8192]} (60. f4+ $1 $11 {[%mdl 512]} Kxf4 (60... Qxf4 61. Qg2+) 61. Qc1+ Ke4 62. Qc2+ Ke3 63. Qc3+ Ke4 64. Qc2+ Ke3 65. Qc3+ Ke4 66. Qc2+) 60... Kf5 $2 (60... Qf4 $19 61. Qa3 Qh4+ 62. Kg2 Qc4 63. Qe7+ Kg6 64. Qe8+ Kf5 65. Qh5+ Kf6 66. Qh6+ Ke5 67. Qg5+ Kd6 68. Qf6+ Kc5 69. Qe5+ Kc6 70. Qf6+ Kb5 71. Qe5+ Kc6 72. Qf6+ Kb5 73. Qb2+ Ka4) 61. Qc5+ Kg6 $2 {[%mdl 8192]} (61... Kf6 $11 62. Qd4+ Kg6 63. Qg1+ Kf6 64. Qd4+ Kg6 65. Qg1+ Kf6 66. Qd4+) 62. Qc6+ {[#]} Kg7 $1 {Black mates.} 63. Qc3+ Qf6 64. Qc7+ Kg6 {Precision: White = 46%, Black = 52%.} 0-1

[Event "Bay Area Open 2019"]
[Site "Burlingame"]
[Date "2019.01.04"]
[Round "5"]
[White "Xiong, Jeffery"]
[Black "Hevia Alejano, Carlos Antonio"]
[Result "1-0"]
[WhiteElo "2672"]
[BlackElo "2476"]
[Annotator "TA"]
[PlyCount "81"]
[EventDate "2019.01.01"]
[EventType "swiss"]
[EventCountry "USA"]
[SourceTitle "playchess.com"]
[Source "ChessBase"]
[SourceQuality "1"]

{[%evp 23,81,54,38,46,33,31,39,-21,-6,-23,-30,-63,19,32,14,-154,-145,-153,-143,-151,-151,-259,-116,-121,-129,-120,-131,-132,0,0,11,0,0,0,0,2,21,22,30,10,21,22,27,27,212,214,193,208,251,245,283,279,466,466,555,545,545,545,737,733]} 1. e4 e6 2. d4 d5 3. Nc3 Bb4 4. e5 c5 5. a3 Bxc3+ 6. bxc3 Ne7 7. Qg4 Qc7 8. Bd3 cxd4 9. Ne2 dxc3 10. Qxg7 Rg8 11. Qxh7 Nd7 {C18: French: 3 Nc3 Bb4: Main line: 7 h4 and 7 Qg4} (11... Qxe5 12. Bf4 Qf6 13. h4 Rxg2 14. Kf1 Rg8 15. Rg1 Rh8 16. Bg5 Rxh7 17. Bxf6 Rh6 18. Bg5 Rh8 19. Bf6 Rh6 20. Bg5 Rh8 21. Bf6 {½-½ (21) Leko,P (2728)-Shirov,A (2713) Saratov 2011}) 12. Bf4 Nc5 {LiveBook: 3 Games} 13. O-O Bd7 {White is slightly better.} 14. Bg3 Nxd3 15. cxd3 (15. Qxd3 $14 Nf5 16. Rab1) 15... c2 $146 ({Predecessor:} 15... Rc8 16. Rfc1 c2 17. Bf4 Ba4 18. h3 Rg6 19. h4 {1-0 (38) Diaz,J (2410)-Sjodahl,P (2325) Andorra 1990}) 16. Rac1 Ba4 17. Nf4 {aiming for Nxd5!} Qxe5 (17... Rf8 $15) 18. Nxe6 $1 Rxg3 $1 19. Rfe1 $2 (19. fxg3 fxe6 20. Rce1 Qb2 $17) (19. Qh4 $1 $11 d4 20. Rce1 (20. hxg3 fxe6 21. Rfe1 Qg7 $11) 20... Rxg2+ 21. Kxg2 Qd5+ 22. f3 fxe6 23. Qh8+ Kd7 24. Qxa8) 19... Qf6 $17 20. Nc7+ Kd8 21. Nxa8 Rg8 22. Qh3 (22. Rxe7 $2 Qg5 $19) (22. Qh5 $17) 22... Qf5 (22... Nc6 $1 $19 {and Black stays clearly on top.} 23. Qh5 Kc8 24. Qxd5 Kb8) 23. Qh4 Qg5 24. Qxg5 Rxg5 25. f4 Rg8 (25... Rg6 $1 $17 26. Nc7 Rc6 27. Rxe7 Kxe7 28. Nxd5+ Ke6) 26. Nc7 $1 $11 Kd7 {White should prevent ...Rc8.} 27. Rxe7+ Kxe7 28. Nxd5+ {[%mdl 4096] Endgame KRB-KRN} Kd6 29. Ne3 Rc8 30. Kf2 Rc3 31. Ke2 {Strongly threatening Kd2.} b5 32. h4 {[%cal Bh2h4,Bh4h5,Bh5h6][%mdl 32]} Rxa3 33. h5 Rc3 $2 (33... Ke7 $1 $11) 34. Kd2 $1 $18 {[%cal Rd2c3]} Rc8 {[#]} 35. g4 $1 (35. Nxc2 $6 Bxc2 36. Rxc2 Rh8 $16) 35... Rh8 {[#]} 36. h6 $1 ({Not} 36. Nxc2 f5 $14) 36... b4 37. Ra1 ({Inferior is} 37. Nxc2 Rxh6 38. Nxb4 Rh2+ 39. Kc3 a5 $11) 37... Bd7 $2 (37... Bb5 {keeps fighting.} 38. Kxc2 Kc5) 38. Kxc2 {White is clearly winning.} f6 39. Ra6+ Kc5 40. Rxa7 Be6 41. Ra6 {Precision: White = 55%, Black = 27%.} 1-0

[Event "Bay Area Open 2019"]
[Site "Burlingame"]
[Date "2019.01.04"]
[Round "5"]
[White "Sevian, Samuel"]
[Black "Boros, Denes"]
[Result "1/2-1/2"]
[WhiteElo "2647"]
[BlackElo "2442"]
[Annotator "TA"]
[PlyCount "92"]
[EventDate "2019.01.01"]
[EventType "swiss"]
[EventCountry "USA"]
[SourceTitle "playchess.com"]
[Source "ChessBase"]
[SourceQuality "1"]

{[%evp 31,92,39,40,42,47,39,44,35,36,39,54,48,53,53,53,53,60,55,47,44,42,40,48,33,54,60,45,49,47,62,70,30,27,20,24,24,32,20,20,0,0,0,0,0,0,0,0,0,0,0,0,0,0,0,0,0,0,0,0,0,0,0,0]} 1. e4 Nf6 2. e5 Nd5 3. d4 d6 4. c4 Nb6 5. f4 Bf5 6. Nc3 e6 7. Nf3 Be7 8. Be2 dxe5 9. fxe5 O-O 10. O-O Nc6 11. Be3 f6 12. exf6 Bxf6 13. Qd2 Qe7 14. Rad1 Rad8 15. Qc1 e5 {B03: Alekhine's Defence: Four Pawns Attack} 16. d5 Nd4 $1 {LiveBook: 4 Games} 17. Bxd4 exd4 {White is slightly better.} 18. Nxd4 Bg5 19. Qa1 $1 (19. Nxf5 Qc5+ 20. Kh1 Bxc1 21. Rxc1 Rde8 22. b3 Nc8 23. h3 {0-1 (39) Ladron de Guevara Pinto,P (2424)-Del Rio de Angelis,S (2525) Linares 2018}) 19... Be3+ $146 ({Predecessor:} 19... Bd7 20. Kh1 Bf4 21. g3 Be5 22. Qb1 c5 23. Ne6 Bxe6 24. dxe6 Bxc3 25. Rxf8+ Rxf8 26. bxc3 Qxe6 {½-½ (33) Conil,P-Cattoni,M France 1988}) 20. Kh1 Bxd4 21. Rxd4 Na4 22. Nxa4 Qxe2 23. Nc3 Qe3 24. Rdd1 $1 Bd3 25. Rfe1 Qd4 26. b3 Rf2 27. Ne4 Qxa1 28. Rxa1 Bxe4 $1 29. Rxe4 $14 {[%mdl 4096] Endgame KRR-KRR} c6 30. Kg1 Rc2 31. dxc6 bxc6 32. Rg4 Rdd2 33. a4 Rb2 34. Rg3 h5 {The position is equal.} 35. Re1 h4 36. Rg4 h3 37. gxh3 Rxb3 38. Rg2 Rxg2+ 39. Kxg2 $11 {KR-KR} Rb4 40. Re8+ Kh7 41. c5 Rc4 42. Re5 a5 43. h4 Rxa4 44. Re6 Rg4+ 45. Kh3 Rg6 46. Re7 Rf6 {Accuracy: White = 92%, Black = 83%.} 1/2-1/2

[Event "Bay Area Open 2019"]
[Site "Burlingame"]
[Date "2019.01.04"]
[Round "5"]
[White "Naroditsky, Daniel"]
[Black "Hong, Andrew"]
[Result "1-0"]
[WhiteElo "2616"]
[BlackElo "2390"]
[Annotator "TA"]
[PlyCount "101"]
[EventDate "2019.01.01"]
[EventType "swiss"]
[EventCountry "USA"]
[SourceTitle "playchess.com"]
[Source "ChessBase"]
[SourceQuality "1"]

{[%evp 10,101,-2,-10,0,-23,6,0,0,6,7,0,4,-14,-17,-59,-58,-58,-40,-71,-71,-71,-34,-81,-78,-89,-74,-77,-57,-78,-61,-60,-48,-66,-29,-37,0,0,0,0,0,0,0,0,0,-13,-3,-10,-8,-15,-15,-13,14,-65,-25,-22,-25,-47,0,0,0,0,156,145,158,72,100,72,67,72,159,154,169,162,366,429,458,441,29976,29977,29986,29987,29988,29989,29989,29990,29990,29991,29996,29997,29997,29998,29998,29999]} 1. d4 d5 2. Nc3 Nf6 3. Bf4 e6 4. Nb5 Bb4+ (4... Na6 5. e3 Be7 6. Nf3 O-O 7. Be2 c6 8. Nc3 c5 9. h3 Bd7 10. O-O Rc8 11. a4 Nb4 {0-1 (24) Alekseenko,K (2639)-Oparin,G (2624) Sochi 2018}) 5. c3 Ba5 6. e3 {LiveBook: 4 Games. D00: 1 d4 d5: Unusual lines} O-O 7. Bd3 c6 (7... a6 $5 {[%cal Ra6b5]} 8. Na3 Bb6 $11) 8. Nd6 $146 {The position is equal.} ({Predecessor:} 8. Na3 Nbd7 9. Nf3 Bc7 10. Qe2 Re8 11. O-O-O a5 {½-½ (55) Pasiev,R (2384)-Shandrygin,N (2169) Sochi 2015}) 8... Bc7 9. Nxc8 Qxc8 10. Bg5 {Bxf6 is the strong threat.} Nbd7 {[%cal Bb8d7,Bd7f6,Bf6e4][%mdl 32]} 11. Qf3 Re8 12. g4 e5 $36 {[%mdl 2048] White must now prevent ...e4. Black fights for an advantage.} 13. Bxf6 Nxf6 14. Bf5 Qd8 15. dxe5 Bxe5 16. Ne2 Ne4 17. Ng3 Nd6 18. Bd3 b5 19. Rd1 Nc4 20. Bxc4 bxc4 21. O-O Rb8 22. e4 Qf6 (22... dxe4 {seems wilder.} 23. Qxe4 Qf6 24. Qxc4 Rxb2 25. Rd7 a6) 23. Qxf6 Bxf6 24. exd5 cxd5 25. Rd2 g6 26. Rfd1 Re6 27. f4 {[%cal Bf2f4,Bf4f5][%mdl 32]} Be7 28. f5 Reb6 29. Rxd5 Rxb2 30. Ne4 Rxa2 31. Rd7 (31. f6 $1 $11 Bf8 32. Rd8) 31... Bf8 32. Rd8 $1 {[%cal Rd8b8]} Rab2 33. R1d4 Rxd8 34. Rxd8 $15 {[%mdl 4096] Endgame KRB-KRN} Rb5 35. h4 Kg7 $2 (35... gxf5 $11 36. Nf6+ Kg7 37. Nh5+ Kg8 38. Nf6+ Kg7 39. Nh5+ Kg8 40. Nf6+) 36. f6+ $16 {[%mdl 1024] White has strong compensation.} Kg8 {[#]} 37. Kg2 (37. Kf2 $142 $1) 37... a5 38. Ra8 h6 39. Kf3 Rd5 (39... g5 $142) 40. Kf4 Rb5 {[#]} 41. Nd2 $1 Rb6 $2 (41... g5+ 42. hxg5 hxg5+ 43. Ke3 Re5+ 44. Kd4 {[%mdl 64] Double Attack} Re2 45. Nxc4 Re6) 42. g5 $18 ({And not} 42. Nxc4 Rxf6+ 43. Ke4 Rf2 $11) 42... hxg5+ 43. hxg5 Rc6 (43... a4 $18 44. Nxc4 (44. Rxa4 Bd6+ 45. Ke4 Rb8 $16) 44... Rb7) 44. Nf3 {White mates.} a4 45. Ne5 Rd6 46. Ng4 a3 47. Nh6+ Kh7 48. Rxf8 a2 49. Nxf7 {[%csl Gf7][%cal Rf8h8]} Rxf6+ 50. gxf6 {[%csl Gf7][%cal Rf8h8]} g5+ 51. Kxg5 {Accuracy: White = 56%, Black = 30%.} 1-0

[Event "Bay Area Open 2019"]
[Site "Burlingame"]
[Date "2019.01.04"]
[Round "5"]
[White "Gabuzyan, Hovhannes"]
[Black "Bai, Jinshi"]
[Result "1/2-1/2"]
[WhiteElo "2605"]
[BlackElo "2572"]
[Annotator "TA"]
[PlyCount "117"]
[EventDate "2019.01.01"]
[EventType "swiss"]
[EventCountry "USA"]
[SourceTitle "playchess.com"]
[Source "ChessBase"]
[SourceQuality "1"]

{[%evp 22,117,9,23,53,41,41,37,39,35,43,50,61,51,51,51,52,51,58,17,50,0,0,0,0,0,43,-45,-2,0,0,0,0,0,0,0,0,0,3,0,0,0,0,0,0,0,0,0,0,0,0,0,0,0,0,0,0,0,0,0,0,0,0,0,0,0,0,0,0,0,0,0,0,0,0,0,0,0,0,0,0,0,0,0,8,8,8,8,8,8,8,8,8,8,8,8,8,8]} 1. Nf3 Nf6 2. b3 g6 3. Bb2 Bg7 4. g3 c5 5. Bg2 d6 6. d4 cxd4 7. Nxd4 d5 8. O-O O-O 9. c4 dxc4 10. bxc4 Nc6 {A49: 1 d4 Nf6 2 Nf3 g6 3 g3: Anti-King's Indian systems} 11. Nxc6 bxc6 12. Nd2 {[%cal Bb1d2,Bd2b3,Bb3d4][%mdl 32] LiveBook: 4 Games} Qa5 $146 {White has an edge.} ({Predecessor:} 12... Bg4 13. Bxc6 Rc8 14. Bf3 Bxf3 15. exf3 Qd3 16. Rc1 Rfd8 17. Bc3 Bh6 18. f4 {½-½ (28) Shankland,S (2722)-Svidler,P (2756) Hoogeveen 2018}) 13. Nb3 Qh5 {With the idea ...Ng4.} 14. Bxf6 Bxf6 15. Bxc6 Rb8 16. Rc1 Qe5 17. e3 Bf5 18. Nd4 Bh3 19. Re1 Qc5 20. Bd5 Rb2 21. Qf3 h5 22. Nb3 Qb4 23. c5 Bg4 24. Qg2 (24. Qe4 $14 Qxe4 25. Bxe4) 24... Rxa2 (24... e6 $5 {[%cal Re6d5]} 25. h3 Bf5 $15) 25. h3 {[#] Threatens to win with Nd4.The position is equal.} Be6 26. c6 Bxd5 $1 27. Qxd5 {c7 is the strong threat.} e6 28. Qc4 Qxc4 29. Rxc4 Rc8 30. Rd1 Ra6 31. Rd7 ({But not} 31. c7 Kf8 $14) 31... Raxc6 32. Rxc6 Rxc6 33. Rxa7 $11 {[%mdl 4096] Endgame KRB-KRN} Rc2 34. Rd7 Be5 35. Kg2 Kg7 36. Nd2 Rc7 37. Rd3 g5 38. g4 hxg4 39. hxg4 Bf6 40. Ne4 Kg6 41. Ra3 Be7 42. Ra6 Rb7 43. Kf3 Rb2 44. Ra7 Bb4 45. Rb7 Bc3 46. Rc7 Be1 47. Rc6 Ra2 48. Rb6 Rc2 49. Kg2 Rc4 50. Kf3 $1 Rc2 51. Rd6 Ra2 52. Rd1 f5 (52... Bb4 {keeps more tension.} 53. Rd4 Rb2 54. Rc4 Be7 55. Rc7 Bf6) 53. gxf5+ exf5 54. Rxe1 {[#] Hoping for Nc5.} fxe4+ {KR-KR} 55. Kg3 Kf5 56. Rb1 Ra5 57. Rb8 Ra1 58. Rf8+ Kg6 59. Kg2 {Accuracy: White = 78%, Black = 72%.} 1/2-1/2

[Event "Bay Area Open 2019"]
[Site "Burlingame"]
[Date "2019.01.04"]
[Round "5"]
[White "Cordova, Emilio"]
[Black "Bruzon Batista, Lazaro"]
[Result "1/2-1/2"]
[WhiteElo "2597"]
[BlackElo "2664"]
[Annotator "TA"]
[PlyCount "29"]
[EventDate "2019.01.01"]
[EventType "swiss"]
[EventCountry "USA"]
[SourceTitle "playchess.com"]
[Source "ChessBase"]
[SourceQuality "1"]

{[%evp 28,29,8,0]} 1. d4 Nf6 2. Nf3 e6 3. c4 d5 4. g3 Bb4+ 5. Bd2 Be7 6. Bg2 O-O 7. O-O Nbd7 8. Qc2 c6 9. Rd1 b6 10. Bf4 Bb7 11. Ne5 Nh5 $146 ({Predecessor:} 11... Rc8 12. Nc3 Nh5 13. Bc1 Nhf6 14. e4 Bb4 15. Bg5 Qc7 16. Nxd7 Nxd7 17. a3 Bxc3 18. Qxc3 dxc4 19. Bf4 Qd8 20. Bd6 {0-1 (76) Dominguez Perez,L (2739)-Caruana,F (2822) Saint Louis 2018}) 12. Bd2 Nhf6 13. Bf4 Nh5 14. Bd2 Nhf6 15. Bf4 {LiveBook: 301 Games} 1/2-1/2

[Event "Bay Area Open 2019"]
[Site "Burlingame"]
[Date "2019.01.04"]
[Round "5"]
[White "Dragun, Kamil"]
[Black "Swiercz, Dariusz"]
[Result "1/2-1/2"]
[WhiteElo "2578"]
[BlackElo "2649"]
[Annotator "TA"]
[PlyCount "165"]
[EventDate "2019.01.01"]
[EventType "swiss"]
[EventCountry "USA"]
[SourceTitle "playchess.com"]
[Source "ChessBase"]
[SourceQuality "1"]

{[%evp 18,165,-6,-7,0,1,6,4,-2,-14,-16,-47,29,26,31,28,30,32,33,31,25,25,29,31,32,20,29,31,48,48,49,49,49,49,49,48,74,67,85,60,85,85,85,65,85,85,85,85,93,93,93,93,93,93,135,135,135,135,135,135,135,93,135,135,135,93,135,93,93,93,93,93,135,135,135,135,135,135,135,135,135,135,135,135,135,135,135,135,135,135,135,135,135,135,135,135,135,135,135,131,135,135,135,135,135,135,135,135,135,135,135,135,135,135,135,135,135,135,135,135,135,135,135,0,135,135,135,135,135,135,135,135,135,135,135,135,135,135,135,135,135,135,136,136,135,93,93,93,167,93]} 1. d4 Nf6 2. Bg5 d5 3. Bxf6 exf6 4. e3 c6 5. g3 (5. Bd3 Bd6 6. Nd2 O-O 7. Qf3 a5 8. Ne2 Na6 9. c3 Nc7 10. h4 Re8 11. g4 Ne6 12. O-O-O b5 13. Rdg1 g6 14. h5 Ng5 {½-½ (43) Mamedyarov,S (2809)-Kramnik,V (2800) Moscow 2018}) 5... Bd6 6. Bg2 {D00: 1 d4 d5: Unusual lines} O-O 7. Ne2 f5 8. O-O Be6 9. b3 Nd7 {[%cal Bb8d7,Bd7f6,Bf6e4][%mdl 32]} 10. Qd3 {LiveBook: 4 Games} h5 $146 ({Predecessor:} 10... Nf6 11. c4 Qd7 12. Nbc3 Rac8 {1-0 (47) Georgiev,K (2680)-Horvath,A (2495) Fuegen 2006}) 11. h4 Nf6 12. c4 Ne4 13. c5 Bc7 14. Nd2 g5 (14... f6 $15) 15. hxg5 $11 Qxg5 16. Nf4 Kh8 17. Qe2 Nxd2 18. Qxd2 h4 19. Bf3 Kg7 20. Kg2 Rh8 21. Rh1 hxg3 22. fxg3 Rxh1 23. Rxh1 Rh8 24. Rxh8 Kxh8 25. b4 a6 26. a4 {[%cal Ba2a4,Ba4b5,Bb5b6][%mdl 32]} Qd8 27. Qb2 Kg7 28. b5 axb5 29. axb5 Qa8 30. b6 Bd8 31. Be2 Bg5 32. Qb1 Qa3 33. Kf2 Qa8 34. Qh1 Bxf4 35. gxf4 Qh8 36. Qg1+ Kf8 37. Ke1 Ke7 38. Kd2 Qa8 39. Qg5+ Kd7 40. Ke1 Qh8 41. Bf3 Qh3 42. Kf2 Qh2+ 43. Bg2 Qh8 44. Kg3 Qh7 45. Qh4 Qg8+ 46. Kf2 Qg7 47. Qh1 Kd8 48. Qa1 Bc8 49. Qa8 f6 50. Qb8 Qd7 51. Bf3 Ke7 52. Ke2 Kf8 53. Kd2 Ke7 54. Bh5 Qe6 55. Ke2 Qd7 56. Kf2 Kf8 57. Qd6+ Kg7 58. Ke1 Qe6 59. Kd2 Qd7 60. Qb8 Kf8 61. Be2 Ke7 62. Bd3 Qe6 63. Qa8 Kf8 64. Qa1 Qg8 65. Kc3 {[#] Hoping for Bxf5!} Kf7 66. Qa8 {Black must now prevent Bxf5!} Qe8 67. Kd2 Qd7 68. Qa1 Qe8 69. Qb1 Qg8 70. Qa1 ({White should play} 70. Qh1 $16) 70... Qe8 (70... Kf8 $11 {keeps the balance.}) 71. Qh1 $16 Qg8 72. Be2 Ke7 73. Qa1 Kf7 74. Qa7 Qd8 75. Bh5+ Ke7 76. Qb8 Qd7 77. Ke1 Kf8 78. Kf2 Ke7 79. Kg3 Kf8 80. Qd6+ Kg7 81. Kh4 Qe6 82. Qc7+ Qd7 (82... Kh6 $16) 83. Qxd7+ {Accuracy: White = 81%, Black = 67%.} (83. Be8 $18 Qxc7 84. bxc7) 1/2-1/2